| 000 | 01157nam a2200337 i 4500 | ||
|---|---|---|---|
| 001 | 000011509 | ||
| 003 | DO-SdBNP | ||
| 005 | 20250228152923.0 | ||
| 007 | ta | ||
| 008 | 091019s2002 dr 000 j spa d | ||
| 020 | _a9993486728 | ||
| 040 |
_aDO-SdBNP _bspa _cBNPHU _erda |
||
| 041 | _aspa | ||
| 082 | 4 |
_aRD863.44 _bC352e _222 |
|
| 100 | 1 |
_aCastillo, Efraím, _d1940- _eautor _4aut. _928022 |
|
| 245 | 1 | 4 |
_aLos ecos tardíos y otros cuentos / _cEfraim Castillo ; edición, Noris Céspedes. |
| 264 | 4 |
_aSanto Domingo, República Domincana : _bEditora Nacional, _c©2002. |
|
| 300 |
_a103 páginas ; _c17 cm. |
||
| 336 |
_ardacontent _btexto _2txt |
||
| 337 |
_ardamedia _bsin mediación _2n |
||
| 338 |
_ardacarrier _bvolumen _2nc |
||
| 490 | 0 | _aLiteraria los Premios | |
| 500 | _aIncluye datos biográficos del autor en la contracubierta. | ||
| 586 | _aPremio Anual Cuento "José Ramón López" 2002. | ||
| 590 | _aInventariado, 2020/YL | ||
| 650 | 0 |
_aCuentos dominicanos _9176 |
|
| 650 | 0 |
_aLiteratura dominicana. _967 |
|
| 700 | 1 |
_aCéspedes, Noris, _eedición _4ed. _92492 |
|
| 910 | _aValidado. Control de calidad MMOLINA | ||
| 942 |
_2ddc _cLBS1 |
||
| 999 |
_c11210 _d11210 |
||